000 00299nam a22001337a 4500
008 171012b xxu||||| |||| 00| 0 eng d
020 _a2900073528259
041 _aeng
080 _25 ED
_a316
100 _a50
101 _aSOC
245 _aSOCIOLOGY MATTERS
_cSCHAEFER.R.T
942 _2udc
_cBK
999 _c33271
_d33271